Hands are not for hitting / (Record no. 6728)

MARC details
000 -LEADER
fixed length control field 00932nam a22002777a 4500
001 - CONTROL NUMBER
control field 6728
003 - CONTROL NUMBER IDENTIFIER
control field FISKH
005 - DATE AND TIME OF LATEST TRANSACTION
control field 20250523101301.0
008 - FIXED-LENGTH DATA ELEMENTS--GENERAL INFORMATION
fixed length control field 250523b cb ||||| |||| 00| 0 eng d
020 ## - INTERNATIONAL STANDARD BOOK NUMBER
International Standard Book Number 9780545203890
040 ## - CATALOGING SOURCE
Original cataloging agency FISKH
Language of cataloging eng
Transcribing agency FISKH
Modifying agency FISKH
050 ## - LIBRARY OF CONGRESS CALL NUMBER
Classification number LB3013 .A332
082 ## - DEWEY DECIMAL CLASSIFICATION NUMBER
Classification number 371.7
100 ## - MAIN ENTRY--PERSONAL NAME
Personal name Agassi, Martine
245 ## - TITLE STATEMENT
Title Hands are not for hitting /
Statement of responsibility, etc. Martine Agassi, Ph. D. ; Illustrated by Marieka Heinlen
260 ## - PUBLICATION, DISTRIBUTION, ETC.
Place of publication, distribution, etc. New York :
Name of publisher, distributor, etc. Scholastic,
Date of publication, distribution, etc. 2009
300 ## - PHYSICAL DESCRIPTION
Extent 35 pages ;
Other physical details color illustrations ;
Dimensions 21 cm
505 ## - FORMATTED CONTENTS NOTE
Formatted contents note K<br/>
520 ## - SUMMARY, ETC.
Summary, etc. Demonstrates that "hands are not for hitting" by suggesting many positive uses for them, such as saying hello, playing, creating, and helping.
521 8# - TARGET AUDIENCE NOTE
Target audience note 510<br/>
Source Lexile AD<br/>
521 8# - TARGET AUDIENCE NOTE
Target audience note K<br/>
Source Raz-Plus<br/>
650 ## - SUBJECT ADDED ENTRY--TOPICAL TERM
Topical term or geographic name entry element Anger Behavior
Form subdivision Emotions & Feelings
700 ## - ADDED ENTRY--PERSONAL NAME
Personal name Heinlen, Marieka
Relator term illustrator
942 ## - ADDED ENTRY ELEMENTS (KOHA)
Source of classification or shelving scheme Dewey Decimal Classification
Koha item type Books
Suppress in OPAC No
Holdings
Withdrawn status Lost status Source of classification or shelving scheme Damaged status Not for loan Collection Home library Current library Shelving location Date acquired Total Checkouts Full call number Barcode Date last seen Copy number Price effective from Koha item type
    Dewey Decimal Classification     Non-Fiction Footprints International School Library Network Toul Kork Campus Footprints International School Library Network Toul Kork Campus TK Primary Library Room(4th Floor), Bookcase 1&2, Shelves 1-16, Dark Blue Books 05/23/2025   AGG 371.7 LB3013 .A332 FISTK04410 05/23/2025 1 05/23/2025 Books